00722cam a22002057a 4500003000500000005001700005008004100022010001000063011001000073035001100083040000900094100003600103245013700139260004400276300001000320502011100330650003100441650002900472650001500501CHAP20220329142855.0041123d2001 mx r 00110 spa d a89055 a90027 a100583 cCHAP00aCastellanos Pérez, Miroslava.10aRegión confidencial para el óptimo económico de una función de producción Cobb-Douglasc/por Miroslava Castellanos Pérez aMontecillos, Méx. :bEl autor,c2004. a74 h. aTesis (M.C.) -- CP. Instituto de Socioeconomía, Estadística e Informática. Programa en Estadística14aAnálisis de regresión.14aEconomía matemática.14aFunciones.